Микаэл Налбандянц (Запись № 13632549)

Подробности
000 -МАРКЕР
контрольное поле 02245nam0a2200409 4500
001 - ИДЕНТИФИКАТОР ЗАПИСИ
контрольное поле RU\NLR\BIBL_A\022635500
005 - ИДЕНТИФИКАТОР ВЕРСИИ
контрольное поле 20260310152723.0
010 ## - МЕЖДУНАРОДНЫЙ СТАНДАРТНЫЙ НОМЕР КНИГИ (ISBN)
Номер (ISBN) 978-5-9275-4934-4
Тираж 300
021 ## - НОМЕР ГОСУДАРСТВЕННОЙ РЕГИСТРАЦИИ
Код страны Российская Федерация
Номер КН-П-25-048587
Номер Листа государственной регистраци КН-П-25-4702
035 ## - ДРУГИЕ СИСТЕМНЫЕ НОМЕРА
Идентификатор записи (NLR Aleph) 022635500
100 ## - ДАННЫЕ ОБЩЕЙ ОБРАБОТКИ
Данные общей обработки 20251002d2025 k y0rusy50 ca
101 1# - ЯЗЫК РЕСУРСА
Язык текста, звукозаписи и т.д. русский
Язык оригинала армянский
102 ## - СТРАНА ПУБЛИКАЦИИ ИЛИ ПРОИЗВОДСТВА
Страна публикации Российская Федерация
105 ## - ПОЛЕ КОДИРОВАННЫХ ДАННЫХ: ТЕКСТОВЫЕ МАТЕРИАЛЫ, МОНОГРАФИЧЕСКИЕ
Кодированные данные о монографическом текстовом документе a z 000zb
181 #0 - ПОЛЕ КОДИРОВАННЫХ ДАННЫХ: ВИД СОДЕРЖАНИЯ
Код вида содержания (ISBD) i
Код характеристики содержания (ISBD) xxxe
182 #0 - ПОЛЕ КОДИРОВАННЫХ ДАННЫХ: ТИП СРЕДСТВА
Код типа средства (ISBD) n - непосредственное
200 1# - ЗАГЛАВИЕ И СВЕДЕНИЯ ОБ ОТВЕТСТВЕННОСТИ
Основное заглавие Микаэл Налбандянц
Сведения, относящиеся к заглавию биографический историко-этнографический очерк в двух частях
Первые сведения об ответственности Ерванд Шахазиз
Последующие сведения об ответственности перевод [с армянского] Г. М. Григоряна
-- Институт социологии и регионоведения Южного федерального университета, Центр Арменоведения
203 ## - ВИД СОДЕРЖАНИЯ И ТИП СРЕДСТВА
Вид содержания Текст
Дополнительные сведения об издании визуальный
Тип средства непосредственный
210 ## - ПУБЛИКАЦИЯ, РАСПРОСТРАНЕНИЕ И ДР.
Место издания, распространения и т.д. Ростов-на-Дону
-- Таганрог
Имя издателя, распространителя и т. д. Изд-во ЮФУ
Дата издания, распространения и т.д. 2025
215 ## - ФИЗИЧЕСКАЯ ХАРАКТЕРИСТИКА
Специфическое обозначение материала и объем 140 с.
Другие сведения о физической характеристике ил.
Размеры 20
225 1# - СЕРИЯ
Основное заглавие серии История армян Дона
Сведения, относящиеся к заглавию исследования и документы
Сведения об ответственности ЦА
300 ## - ОБЩИЕ ПРИМЕЧАНИЯ
Текст примечания Загл. обл.: Микаэл Налбандян
300 ## - ОБЩИЕ ПРИМЕЧАНИЯ
Текст примечания В предисл. авт.: арм. историк, этнограф и филолог Ерванд Овагемович Шахазиз
327 1# - ПРИМЕЧАНИЯ О СОДЕРЖАНИИ
Текст примечания Содерж.: Ч. 1. Микаэл Налбандянц в Индии ; Ч. 2. Микаэл Налбандянц в Санкт-Петербурге
512 1# - ЗАГЛАВИЕ ОБЛОЖКИ
Заглавие обложки Микаэл Налбандян
600 #1 - ИМЯ ЛИЦА КАК ПРЕДМЕТ
Начальный элемент ввода Налбандян
Часть имени, кроме начального элемента ввода М.
Даты 1829 - 1866
Расширение инициалов личного имени Микаэл
Системный номер авторитетной/нормативной записи 1774330
Идентификатор авторитетной/нормативной записи RU\NLR\AUTH\66797053
686 1# - ИНДЕКСЫ ДРУГИХ КЛАССИФИКАЦИЙ
Индекс Т3(2)51-8
686 1# - ИНДЕКСЫ ДРУГИХ КЛАССИФИКАЦИЙ
Индекс Ш5(2=Ар)5-4Налбандян
700 #1 - ИМЯ ЛИЦА - ПЕРВИЧНАЯ ОТВЕТСТВЕННОСТЬ
Графика поля Кириллица
Материалы, к которым относится поле rus
Начальный элемент ввода Шахазиз
Часть имени, кроме начального элемента ввода Е. А.
Даты 1856-1951
Расширение инициалов личного имени Ерванд Акимович
Системный номер авторитетной/нормативной записи 2692144
Идентификатор авторитетной/нормативной записи RU\NLR\AUTH\770288396
702 #1 - ИМЯ ЛИЦА - ВТОРИЧНАЯ ОТВЕТСТВЕННОСТЬ
Код отношения Объект посвящения
Графика поля Кириллица
Материалы, к которым относится поле rus
Начальный элемент ввода Налбандян
Часть имени, кроме начального элемента ввода М. Л.
Даты 1829-1866
Расширение инициалов личного имени Микаэл Лазаревич
Системный номер авторитетной/нормативной записи 2692151
Идентификатор авторитетной/нормативной записи RU\NLR\AUTH\770288403
942 ## - ДОПОЛНИТЕЛЬНЫЕ ЭЛЕМЕНТЫ ЗАПИСИ (АБИС)
Тип экземпляра АБИС Книга
980 ## - КОЛЛЕКЦИЯ
Название коллекции Национальная библиография

Нет доступных экземпляров.